000 00502nam a2200193Ia 4500
005 20250423095544.0
008 250422s9999 xx 000 0 und d
020 _a9781337568944
050 _aHV 8079 .C65 .N45/
100 _aNelson Bill, et al...
245 0 _aGuide to computer forensics and investigations
250 _a6th edi.
260 _aUSA
260 _bCengage
260 _c2019
300 _a738 p
650 _aComputer crimes--Investigation. Computer security.
942 _cBK
999 _c30631
_d30631